000 00436nam a2200193Ia 4500
008 240510s9999 xx 000 0 und d
020 _a0000871506939
041 _aEng
082 _a004
082 _bR23
100 _aREISS, Levi
245 0 _aComputer Literacy
260 _bBoston : PWS
260 _c1984
300 _a543 p.
650 _aData processing: computers and civilization
942 _2ddc
942 _cLBK
999 _c26177
_d26177
945 _a1
_bMadushi Gamage
_c1
_dMadushi Gamage